skbl

Dr Suryya Kumar Bhuyan Library Web-OPAC
ডঃ সূৰ্য্য
কুমাৰ ভূঞা পুথিভঁৰাল ৱেব-অ'পেক

All Research Scholars are advised to clear the annual library fees to continue using Library Resources, Remote Access, Plagiarism Test and Library Clearance.

Cotton University Book Fair 2026

Mere Saakshaatkar / (Record no. 24672)

MARC details
000 -LEADER
fixed length control field 00792nam a2200301Ia 4500
001 - CONTROL NUMBER
control field 24690
005 - DATE AND TIME OF LATEST TRANSACTION
control field 20240114000816.0
007 - PHYSICAL DESCRIPTION FIXED FIELD--GENERAL INFORMATION
fixed length control field ta
008 - FIXED-LENGTH DATA ELEMENTS--GENERAL INFORMATION
fixed length control field 060413s2003 a g b000 u 807 u
020 ## - INTERNATIONAL STANDARD BOOK NUMBER
International Standard Book Number 81-7016-606-3
040 ## - CATALOGING SOURCE
Original cataloging agency Cotton College,Assam
041 ## - LANGUAGE CODE
Language code of text/sound track or separate title 807
082 ## - DEWEY DECIMAL CLASSIFICATION NUMBER
Classification number 928
Item number Ra 137 Me
100 ## - MAIN ENTRY--PERSONAL NAME
Personal name Rakesh, Mohan.
245 #0 - TITLE STATEMENT
Title Mere Saakshaatkar /
Statement of responsibility, etc. Mohan Rakesh.
Medium Textual Documents
250 ## - EDITION STATEMENT
Edition statement 1st ed. /
260 ## - PUBLICATION, DISTRIBUTION, ETC.
Place of publication, distribution, etc. New Delhi :
Name of publisher, distributor, etc. Kitab Ghar ,
Date of publication, distribution, etc. 2003.
300 ## - PHYSICAL DESCRIPTION
Extent 143p. :
Other physical details ill ;
Dimensions 22cm .
440 ## - SERIES STATEMENT/ADDED ENTRY--TITLE
Title Mere Saakshaatkar Series,
490 ## - SERIES STATEMENT
Series statement Mere Saakshaatkar Series,
653 ## - INDEX TERM--UNCONTROLLED
Uncontrolled term Biography
653 ## - INDEX TERM--UNCONTROLLED
Uncontrolled term Interviews-Hindi
653 ## - INDEX TERM--UNCONTROLLED
Uncontrolled term Gen-Hindi
700 ## - ADDED ENTRY--PERSONAL NAME
Personal name Taneja, Jaidev .
942 ## - ADDED ENTRY ELEMENTS (KOHA)
Source of classification or shelving scheme Dewey Decimal Classification
Koha item type Books
Holdings
Withdrawn status Lost status Damaged status Not for loan Collection Home library Current library Date acquired Coded location qualifier Total checkouts Full call number Barcode Date last seen Copy number Price effective from Koha item type
          Dr. Suryya Kumar Bhuyan Library Dr. Suryya Kumar Bhuyan Library 01/02/2012 00000   928 Ra 137 Me 868/Hindi 14/01/2024 1 01/02/2012 Books

Designed and Maintained by Team SKBL
©1901-2026

Powered by Koha